000
00198nam a2200085 4500
001
1257423
005
20260213103247.0
245
_a
IŞIN ÇAĞI ÇOCUKLAR
_c
GÜLTEN DAYIOĞLU
260
_b
ALTIN KİTAPLAR
999
_c
1257423
_d
1257423